[Event "FRA-ch 96th"]
[Site "L'Alpe d'Huez"]
[Date "2023.08.19"]
[Round "1.2"]
[White "Maurizzi, Marc Andria"]
[Black "Flom, Gabriel"]
[Result "1/2-1/2"]
[WhiteElo "2564"]
[BlackElo "2429"]
[PlyCount "39"]
[EventDate "2023.08.18"]
[EventType "k.o."]
[EventRounds "4"]
[EventCountry "FRA"]
[SourceTitle "EXT 2024"]
[Source "ChessBase"]
[SourceDate "2023.10.10"]
[SourceVersion "1"]
[SourceVersionDate "2023.10.10"]
[SourceQuality "1"]

1. e4 d6 2. d4 Nf6 3. Nc3 e5 4. Nf3 Nbd7 5. Bc4 Be7 6. 0-0 0-0 7. Re1 c6 8. a4 h6 9. h3 Re8 10. a5 Qc7 11. d5 b5 12. dxc6 bxc4 13. cxd7 Bxd7 14. Nh2 Be6 15. Qf3 Qc6 16. Rd1 Rad8 17. Ng4 Nxg4 18. hxg4 Qd7 19. Qg3 Rb8 20. Ra2 1/2-1/2

[Event "Merida World Heritage op 3rd"]
[Site "Merida"]
[Date "2023.08.01"]
[Round "2"]
[White "Flom, Gabriel"]
[Black "Khennous, Fares"]
[Result "1-0"]
[WhiteElo "2438"]
[BlackElo "2035"]
[PlyCount "83"]
[EventDate "2023.07.31"]
[EventType "swiss"]
[EventRounds "9"]
[EventCountry "ESP"]
[SourceTitle "CBM 215 Extra"]
[Source "ChessBase"]
[SourceDate "2023.09.30"]
[SourceVersion "1"]
[SourceVersionDate "2023.09.30"]
[SourceQuality "1"]

1. d4 d5 2. c4 e6 3. Nc3 Nf6 4. Nf3 Nbd7 5. cxd5 exd5 6. Bg5 Be7 7. e3 c6 8. Bd3 0-0 9. 0-0 Re8 10. Qc2 Nf8 11. h3 g6 12. Bh6 Nh5 13. Rab1 a5 14. a3 Ng7 15. b4 axb4 16. axb4 Bf5 17. Bxg7 Bxd3 18. Qxd3 Kxg7 19. b5 Bd6 20. Rfc1 Rc8 21. bxc6 bxc6 22. Na4 Ne6 23. Rb7 Rc7 24. Rxc7 Qxc7 25. Qc3 Rc8 26. Ne1 Kg8 27. Nd3 Qa7 28. Nac5 Nxc5 29. Nxc5 Bxc5 30. Qxc5 Qxc5 31. Rxc5 Kf8 32. g4 h6 33. h4 Ke7 34. Kg2 Kd6 35. Kf3 Rf8 36. Ra5 g5 37. h5 f5 38. Ra2 f4 39. Ra7 fxe3+ 40. Kxe3 Re8+ 41. Kd3 Re4 42. Rh7 1-0

[Event "Barbera del Valles op 45th"]
[Site "Barbera del Valles"]
[Date "2023.07.11"]
[Round "8"]
[White "Flom, Gabriel"]
[Black "Solodovnichenko, Yuri"]
[Result "0-1"]
[WhiteElo "2438"]
[BlackElo "2520"]
[PlyCount "57"]
[EventDate "2023.07.04"]
[EventType "swiss"]
[EventRounds "9"]
[EventCountry "ESP"]
[SourceTitle "CBM 215 Extra"]
[Source "ChessBase"]
[SourceDate "2023.09.30"]
[SourceVersion "1"]
[SourceVersionDate "2023.09.30"]
[SourceQuality "1"]

1. d4 d5 2. c4 e6 3. Nc3 Nf6 4. Nf3 a6 5. cxd5 exd5 6. Bg5 Be6 7. e3 h6 8. Bxf6 Qxf6 9. Qb3 Ra7 10. Ne5 Bd6 11. Nxd5 Qd8 12. Bc4 b5 13. Nxc7+ Rxc7 14. Bxe6 Bxe5 15. dxe5 fxe6 16. Qxe6+ Qe7 17. Qg6+ Kd8 18. Qe4 Rc4 19. Rd1+ Kc7 20. Qa8 Qb4+ 21. Kf1 Qc5 22. Rd5 Rc1+ 23. Ke2 Qc2+ 24. Rd2 Qc4+ 25. Kf3 Rf8+ 26. Kg3 Rxh1 27. Qa7+ Kc8 28. Qe7 Rh8 29. e6 0-1

[Event "Barbera del Valles op 45th"]
[Site "Barbera del Valles"]
[Date "2023.07.08"]
[Round "5"]
[White "Flom, Gabriel"]
[Black "Marin, Sebastian"]
[Result "1/2-1/2"]
[WhiteElo "2438"]
[BlackElo "2265"]
[PlyCount "123"]
[EventDate "2023.07.04"]
[EventType "swiss"]
[EventRounds "9"]
[EventCountry "ESP"]
[SourceTitle "EXT 2024"]
[Source "ChessBase"]
[SourceDate "2023.10.10"]
[SourceVersion "1"]
[SourceVersionDate "2023.10.10"]
[SourceQuality "1"]

1. Nf3 Nf6 2. c4 e6 3. Nc3 Bb4 4. Qc2 0-0 5. a3 Bxc3 6. Qxc3 b6 7. b4 a5 8. Bb2 axb4 9. axb4 Rxa1+ 10. Bxa1 Bb7 11. d3 d6 12. e3 Nbd7 13. Be2 e5 14. 0-0 Qe7 15. Bb2 Ra8 16. Rc1 Qe6 17. h3 h6 18. d4 exd4 19. Nxd4 Qe5 20. Ra1 Rxa1+ 21. Bxa1 Qe4 22. f3 Qb1+ 23. Kh2 Ne5 24. Nb5 Qa2 25. Bb2 Bc6 26. Nxc7 Qa7 27. Nb5 Bxb5 28. cxb5 Qa2 29. f4 Ned7 30. Bd3 Qe6 31. e4 g5 32. g3 Kf8 33. e5 dxe5 34. fxe5 Nd5 35. Qd4 Ne7 36. g4 Qd5 37. Qxd5 Nxd5 38. Bc4 Nf4 39. h4 gxh4 40. Bc1 Nxe5 41. Bxf4 Nxc4 42. Bxh6+ Ke7 43. Kh3 Ne5 44. Be3 Nc4 45. Bf2 Ke6 46. Kxh4 Ke5 47. Kg5 Ke4 48. Bg1 Ke5 49. Bh2+ Ke6 50. Kf4 Kd5 51. Bg1 Kd6 52. Kf5 Kc7 53. Kf6 Kd7 54. Kxf7 Ne5+ 55. Kg7 Nxg4 56. Bxb6 Ne5 57. Kf6 Nc4 58. Bd4 Na3 59. b6 Kc6 60. Ke6 Nc4 61. b5+ Kb7 62. Be5 1/2-1/2

[Event "Barbera del Valles op 45th"]
[Site "Barbera del Valles"]
[Date "2023.07.06"]
[Round "3"]
[White "Flom, Gabriel"]
[Black "Valenzuela Gomez, Fernando Alberto"]
[Result "1/2-1/2"]
[WhiteElo "2438"]
[BlackElo "2403"]
[PlyCount "44"]
[EventDate "2023.07.04"]
[EventType "swiss"]
[EventRounds "9"]
[EventCountry "ESP"]
[SourceTitle "CBM 215 Extra"]
[Source "ChessBase"]
[SourceDate "2023.09.30"]
[SourceVersion "1"]
[SourceVersionDate "2023.09.30"]
[SourceQuality "1"]

1. d4 Nf6 2. c4 e6 3. Nf3 d5 4. g3 Bb4+ 5. Bd2 a5 6. Bg2 0-0 7. 0-0 dxc4 8. Bxb4 axb4 9. Ne5 Nc6 10. Nxc6 bxc6 11. Bxc6 Ra6 12. Bg2 Qd6 13. e3 e5 14. Nd2 Be6 15. Nf3 e4 16. Nd2 Bd5 17. Qc2 Qe6 18. a3 b3 19. Qd1 Ne8 20. Qe2 Ra8 21. Nb1 Nd6 22. Nc3 c6 1/2-1/2

[Event "Philadelphia op 16th"]
[Site "Philadelphia"]
[Date "2023.06.28"]
[Round "9"]
[White "Mikhalevski, Victor"]
[Black "Flom, Gabriel"]
[Result "1-0"]
[WhiteElo "2519"]
[BlackElo "2442"]
[PlyCount "87"]
[EventDate "2023.06.24"]
[EventType "swiss"]
[EventRounds "9"]
[EventCountry "USA"]
[SourceTitle "CBM 215 Extra"]
[Source "ChessBase"]
[SourceDate "2023.09.30"]
[SourceVersion "1"]
[SourceVersionDate "2023.09.30"]
[SourceQuality "1"]

1. c4 d6 2. d4 Nf6 3. Nc3 g6 4. e4 Bg7 5. Nf3 0-0 6. Be2 e5 7. 0-0 Nc6 8. d5 Ne7 9. b4 a5 10. bxa5 Rxa5 11. a4 b6 12. Bd2 Ra8 13. Qc2 Ne8 14. Ne1 f5 15. f3 f4 16. Nd3 h5 17. Nb5 g5 18. Nf2 Nf6 19. h3 Bh6 20. a5 c6 21. dxc6 Nxc6 22. Bc3 g4 23. hxg4 hxg4 24. fxg4 Qe7 25. Qd3 bxa5 26. Qxd6 Qxd6 27. Nxd6 Be6 28. Nf5 Bg5 29. c5 Rfb8 30. Bd1 Ra7 31. Ba4 Bxf5 32. exf5 Nd4 33. Bxd4 exd4 34. Rfb1 Rc8 35. c6 Bh4 36. Nd3 Nxg4 37. Rb7 Rc7 38. Rab1 Be7 39. Nxf4 Bd6 40. Ne6 Bh2+ 41. Kf1 Rf7 42. c7 Rxf5+ 43. Ke2 Re5+ 44. Kf3 1-0

[Event "Philadelphia op 16th"]
[Site "Philadelphia"]
[Date "2023.06.27"]
[Round "7"]
[White "Sinha, Sahil"]
[Black "Flom, Gabriel"]
[Result "0-1"]
[WhiteElo "2317"]
[BlackElo "2442"]
[PlyCount "76"]
[EventDate "2023.06.24"]
[EventType "swiss"]
[EventRounds "9"]
[EventCountry "USA"]
[SourceTitle "CBM 215 Extra"]
[Source "ChessBase"]
[SourceDate "2023.09.30"]
[SourceVersion "1"]
[SourceVersionDate "2023.09.30"]
[SourceQuality "1"]

1. d4 Nf6 2. c4 c5 3. d5 g6 4. Nc3 Bg7 5. e4 d6 6. Nf3 0-0 7. Be2 e6 8. 0-0 exd5 9. cxd5 a6 10. a4 Bg4 11. Qc2 Bxf3 12. Bxf3 Nbd7 13. Bf4 Qe7 14. Rfe1 h5 15. Bg5 Qe5 16. Qd2 Nh7 17. Be3 Qe7 18. Rab1 Rac8 19. a5 Ne5 20. Be2 Ng4 21. Bf4 Bd4 22. Bxg4 hxg4 23. b4 Qf6 24. Ne2 Rfe8 25. Nxd4 cxd4 26. b5 d3 27. bxa6 bxa6 28. Rb3 Rc4 29. Rxd3 Rcxe4 30. Be3 Ng5 31. Rc1 Qf5 32. Rd4 R8e5 33. Rd1 Nf3+ 34. gxf3 gxf3 35. Kh1 Qh3 36. Rg1 Rh5 37. Bf4 Re2 38. Qd3 Re1 0-1

[Event "FRA-chT Top 16 GpA"]
[Site "Chartres"]
[Date "2023.06.01"]
[Round "1.2"]
[White "Roos, Louis"]
[Black "Flom, Gabriel"]
[Result "1/2-1/2"]
[WhiteElo "2259"]
[BlackElo "2436"]
[PlyCount "114"]
[EventDate "2023.06.01"]
[EventType "team-tourn"]
[EventRounds "7"]
[EventCountry "FRA"]
[SourceTitle "CBM 214 Extra"]
[Source "ChessBase"]
[SourceDate "2023.07.31"]
[SourceVersion "1"]
[SourceVersionDate "2023.07.31"]
[SourceQuality "1"]
[WhiteTeam "Strasbourg"]
[BlackTeam "Tremblay en France"]
[WhiteTeamCountry "FRA"]
[BlackTeamCountry "FRA"]

1. e4 c5 2. Nf3 Nc6 3. d4 cxd4 4. Nxd4 Nf6 5. Nc3 d6 6. Be2 g6 7. Be3 Bg7 8. 0-0 0-0 9. Nb3 Be6 10. f3 Rc8 11. Kh1 a6 12. Nd5 Bxd5 13. exd5 Ne5 14. c3 b5 15. Rf2 Nc4 16. Bxc4 bxc4 17. Nc1 Qa5 18. Rd2 Nd7 19. Ne2 Ne5 20. b4 Qc7 21. a4 Nd3 22. Ra3 a5 23. b5 Bh6 24. f4 e5 25. b6 Qb7 26. Rxd3 cxd3 27. Qxd3 exf4 28. Bg1 Rfe8 29. Rb3 Re5 30. c4 Rce8 31. Nd4 Re1 32. Nf3 Ra1 33. c5 dxc5 34. Qb5 Rd8 35. Qc6 Rb8 36. Qxc5 Bf8 37. Qxa5 Rd1 38. Rb5 Ra8 39. Qc3 Rxd5 40. Qb3 Rdd8 41. a5 Rdc8 42. Qd5 Qxd5 43. Rxd5 Rc1 44. b7 Rb8 45. Rb5 Ra1 46. Nd4 Bd6 47. Nb3 Ra3 48. h4 Re8 49. Bc5 Re1+ 50. Kh2 Rxb3 51. Rxb3 Bb8 52. Bf2 f3+ 53. g3 Re2 54. Rxf3 Ra2 55. Kg2 Kg7 56. Rb3 Rxa5 57. Be3 Rd5 1/2-1/2

[Event "BEL-chT 2223"]
[Site "Belgium"]
[Date "2023.01.29"]
[Round "6.2"]
[White "Flom, Gabriel"]
[Black "Osinga, Angelique"]
[Result "1-0"]
[WhiteElo "2421"]
[BlackElo "1973"]
[PlyCount "71"]
[EventDate "2022.09.25"]
[EventType "team-tourn"]
[EventRounds "11"]
[EventCountry "BEL"]
[SourceTitle "CBM 213 Extra"]
[Source "ChessBase"]
[SourceDate "2023.05.31"]
[SourceVersion "1"]
[SourceVersionDate "2023.05.31"]
[SourceQuality "1"]
[WhiteTeam "Wetteren"]
[BlackTeam "Brasschaat"]
[WhiteTeamCountry "BEL"]
[BlackTeamCountry "BEL"]

1. d4 d5 2. c4 c6 3. Nc3 Nf6 4. Nf3 e6 5. Bg5 Be7 6. e3 Nbd7 7. Bd3 0-0 8. 0-0 h6 9. Bf4 dxc4 10. Bxc4 b5 11. Bd3 Bb7 12. a3 a6 13. b4 Nd5 14. Nxd5 cxd5 15. Rc1 Rc8 16. Rxc8 Qxc8 17. Ne5 Nxe5 18. Bxe5 f6 19. Bf4 f5 20. g4 Qc3 21. gxf5 exf5 22. Qb1 Bc8 23. Rc1 Qxa3 24. Rc7 Bf6 25. Bxf5 Bxf5 26. Qxf5 Qb3 27. Kg2 Bd8 28. Qe6+ Kh8 29. Be5 Bf6 30. Bxf6 Rxf6 31. Rc8+ Kh7 32. Qg8+ Kg6 33. Rc7 Kh5 34. Rxg7 Qa2 35. Kh3 Rf3+ 36. Rg3 1-0

[Event "Seville op 48th"]
[Site "Seville"]
[Date "2023.01.21"]
[Round "9"]
[White "Flom, Gabriel"]
[Black "Ilinca Ilinca, Felix Antonio"]
[Result "1-0"]
[WhiteElo "2388"]
[BlackElo "2233"]
[PlyCount "81"]
[EventDate "2023.01.13"]
[EventType "swiss"]
[EventRounds "9"]
[EventCountry "ESP"]
[SourceTitle "CBM 212 Extra"]
[Source "ChessBase"]
[SourceDate "2023.03.31"]
[SourceVersion "1"]
[SourceVersionDate "2023.03.31"]
[SourceQuality "1"]

1. d4 d5 2. c4 e6 3. Nc3 Bb4 4. a3 Bxc3+ 5. bxc3 Nf6 6. cxd5 exd5 7. e3 0-0 8. Bd3 c5 9. Ne2 b6 10. f3 Re8 11. 0-0 Ba6 12. Ng3 Bxd3 13. Qxd3 Nc6 14. Bb2 h5 15. e4 h4 16. Nf5 c4 17. Qe3 g6 18. e5 Nh7 19. Nh6+ Kg7 20. Ng4 Qg5 21. Qxg5 Nxg5 22. Nf6 Red8 23. f4 Nh7 24. Nxh7 Kxh7 25. f5 g5 26. g3 hxg3 27. hxg3 Kg7 28. a4 Rh8 29. Kg2 Rae8 30. Ba3 Rh5 31. Rh1 Reh8 32. Rxh5 Rxh5 33. g4 Rh6 34. Rb1 Rh4 35. Kg3 Na5 36. Be7 Kh6 37. Rb5 Rh1 38. Rxd5 Rg1+ 39. Kf3 Rc1 40. Rd8 Rxc3+ 41. Ke4 1-0

[Event "Seville op 48th"]
[Site "Seville"]
[Date "2023.01.20"]
[Round "8"]
[White "Martinez Ramirez, Lennis"]
[Black "Flom, Gabriel"]
[Result "0-1"]
[WhiteElo "2425"]
[BlackElo "2388"]
[PlyCount "132"]
[EventDate "2023.01.13"]
[EventType "swiss"]
[EventRounds "9"]
[EventCountry "ESP"]
[SourceTitle "CBM 212 Extra"]
[Source "ChessBase"]
[SourceDate "2023.03.31"]
[SourceVersion "1"]
[SourceVersionDate "2023.03.31"]
[SourceQuality "1"]

1. d4 Nf6 2. c4 g6 3. Nc3 Bg7 4. e4 d6 5. Be2 0-0 6. Bg5 c5 7. d5 e6 8. Qd2 exd5 9. exd5 Qb6 10. Nf3 Bf5 11. Nh4 Ne4 12. Nxe4 Bxe4 13. 0-0 Qxb2 14. Qxb2 Bxb2 15. Rad1 Re8 16. Bg4 f5 17. Bh3 Nd7 18. g4 fxg4 19. Bxg4 Ne5 20. Be6+ Kg7 21. f4 Nd3 22. Nf3 h6 23. Bh4 Nxf4 24. Rde1 Nxe6 25. Rxe4 Ng5 26. Nxg5 hxg5 27. Rxe8 Bd4+ 28. Kg2 Rxe8 29. Bxg5 Re2+ 30. Kf3 Rxa2 31. Bf4 Be5 32. Bxe5+ dxe5 33. Rd1 Kf7 34. d6 Ke8 35. Ke4 Kd7 36. h3 Re2+ 37. Kd5 b6 38. Rf1 Rd2+ 39. Kxe5 Rxd6 40. Rf7+ Kc6 41. Rxa7 Rd4 42. Ra4 Rh4 43. Kf6 Rxh3 44. Kxg6 Rb3 45. Ra1 Rb4 46. Rc1 b5 47. cxb5+ Kd5 48. Kf5 Rxb5 49. Rd1+ Kc4 50. Ke4 Rb3 51. Rc1+ Kb4 52. Rh1 c4 53. Rh8 Rd3 54. Rb8+ Kc3 55. Rh8 Rd7 56. Rh3+ Kb2 57. Rh2+ Kb3 58. Rh8 c3 59. Rb8+ Kc2 60. Ke3 Kc1 61. Ke2 c2 62. Rb5 Re7+ 63. Kf2 Kd2 64. Rd5+ Kc3 65. Rc5+ Kd3 66. Rc8 Re4 0-1

[Event "BEL-chT 2223"]
[Site "Belgium"]
[Date "2022.11.06"]
[Round "3.2"]
[White "Flom, Gabriel"]
[Black "Leenhouts, Koen"]
[Result "0-1"]
[WhiteElo "2421"]
[BlackElo "2435"]
[PlyCount "76"]
[EventDate "2022.09.25"]
[EventType "team-tourn"]
[EventRounds "11"]
[EventCountry "BEL"]
[SourceTitle "CBM 213 Extra"]
[Source "ChessBase"]
[SourceDate "2023.05.31"]
[SourceVersion "1"]
[SourceVersionDate "2023.05.31"]
[SourceQuality "1"]
[WhiteTeam "Wetteren"]
[BlackTeam "KBSK Brugge"]
[WhiteTeamCountry "BEL"]
[BlackTeamCountry "BEL"]

1. e4 e5 2. Nf3 d6 3. d4 exd4 4. Nxd4 Nf6 5. Nc3 Be7 6. Bf4 0-0 7. Qd2 Nc6 8. 0-0-0 Nxd4 9. Qxd4 Be6 10. f3 a6 11. g4 b5 12. Nd5 Bxd5 13. exd5 Nd7 14. Kb1 Bg5 15. h4 Bxf4 16. Qxf4 Qf6 17. Qxf6 Nxf6 18. a4 bxa4 19. Rd4 Rfe8 20. Bd3 Re3 21. Rf1 Kf8 22. g5 Nd7 23. Rxa4 Nc5 24. Rd4 Rb8 25. Rf2 a5 26. f4 Rb4 27. Rxb4 axb4 28. Re2 Rh3 29. Bb5 g6 30. Re8+ Kg7 31. f5 gxf5 32. Rc8 f4 33. Rxc7 f3 34. Be8 Kf8 35. Rc8 Rh1+ 36. Ka2 f2 37. h5 Ra1+ 38. Kxa1 f1Q+ 0-1